[Event "SR 3. liga A2 2016/2017"]
[Site "?"]
[Date "2017.03.19"]
[Round "11.2"]
[White "Merva, Frantisek"]
[Black "Hornak, Pavol"]
[Result "1-0"]
[WhiteElo "2058"]
[BlackElo "1809"]
[PlyCount "79"]
[EventDate "2016.??.??"]

1. d4 Nf6 2. Nf3 d5 3. c4 c6 4. Nc3 Bg4 5. Ne5 Be6 6. cxd5 Bxd5 7. Nxd5 Qxd5 8.
e3 e6 9. a3 Nbd7 10. Nxd7 Nxd7 11. f3 e5 12. dxe5 Qxd1+ 13. Kxd1 Nxe5 14. Kc2
Be7 15. Be2 O-O 16. f4 Nd7 17. e4 f6 18. Rd1 Rfd8 19. Bf3 Kf8 20. g3 a6 21. Be3
Bc5 22. Bd2 Nb6 23. b3 Rd7 24. Ba5 Rad8 25. Rxd7 Rxd7 26. Re1 Na8 27. a4 Nc7
28. Bc3 Bd4 29. Rd1 c5 30. Bg4 Rd6 31. Rxd4 Rxd4 32. Bxd4 cxd4 33. Kd3 b6 34.
Kxd4 a5 35. Be2 Ke7 36. Bc4 Kd6 37. g4 h6 38. h4 Kc6 39. e5 fxe5+ 40. Kxe5 1-0

[Event "SR 3. liga A2 2016/2017"]
[Site "?"]
[Date "2017.03.19"]
[Round "11.2"]
[White "Bugar, Peter"]
[Black "Stefik, Miroslav"]
[Result "1-0"]
[WhiteElo "1866"]
[BlackElo "1594"]
[PlyCount "85"]
[EventDate "2016.??.??"]

1. c4 c5 2. Nc3 Nc6 3. Nf3 Nf6 4. g3 e5 5. d3 d6 6. Bg2 Bd7 7. O-O Be7 8. Ne1
O-O 9. Nc2 h6 10. Ne3 Rb8 11. Rb1 Nd4 12. a3 Bc6 13. Ned5 Ne6 14. b4 Nc7 15.
bxc5 dxc5 16. Nxf6+ Bxf6 17. Bxc6 bxc6 18. Be3 Qe7 19. Qa4 Ne6 20. Qxc6 Rfc8
21. Rxb8 Rxb8 22. Nd5 Qd8 23. Nxf6+ Qxf6 24. Bxc5 Rb2 25. Qa8+ Kh7 26. Qe4+ g6
27. Bxa7 Ng5 28. Qe3 Qc6 29. f3 f6 30. c5 Rb7 31. Bb6 Nh3+ 32. Kg2 Ng5 33. h4
Ne6 34. Qe4 Qc8 35. a4 Nd4 36. a5 Nc6 37. a6 Rb8 38. h5 f5 39. hxg6+ Kxg6 40.
Qd5 f4 41. Qd6+ Kg5 42. g4 h5 43. Rh1 1-0

[Event "SR 3. liga A2 2016/2017"]
[Site "?"]
[Date "2017.03.19"]
[Round "11.2"]
[White "Zelensky, Filip"]
[Black "Matis, Tibor ml"]
[Result "0-1"]
[WhiteElo "1404"]
[BlackElo "1848"]
[PlyCount "82"]
[EventDate "2016.??.??"]

1. e4 c5 2. Nc3 Nc6 3. Nf3 e6 4. a3 a6 5. d3 b5 6. g3 Bb7 7. Bg2 Qc7 8. Bf4 d6
9. Qe2 Nge7 10. Qd2 Ng6 11. Be3 Rd8 12. Ne2 Be7 13. b4 O-O 14. Qc3 Bf6 15. d4
Nce7 16. Bg5 Bxg5 17. Nxg5 h6 18. Nf3 Bxe4 19. Nd2 Bxg2 20. Rg1 Bb7 21. Nf4 Nd5
22. Nxd5 Bxd5 23. h4 Qa7 24. h5 cxd4 25. Qd3 Ne5 26. Qe2 d3 27. cxd3 Qd4 28.
Rd1 Qc3 29. Kf1 Qxd3 30. Qxd3 Nxd3 31. Nb1 Nb2 32. Rd2 Rc8 33. Rxb2 Bf3 34. Nc3
Rxc3 35. Rb1 Rfc8 36. Ke1 Rc1+ 37. Kd2 R8c2+ 38. Ke3 Rc3+ 39. Kf4 e5+ 40. Kf5
Rc4 41. Rbxc1 Bg4# 0-1

[Event "SR 3. liga A2 2016/2017"]
[Site "?"]
[Date "2017.03.19"]
[Round "11.2"]
[White "Mezes, Kristof"]
[Black "Zelensky, Ivan"]
[Result "1-0"]
[WhiteElo "1497"]
[BlackElo "1103"]
[PlyCount "65"]
[EventDate "2016.??.??"]

1. d4 d5 2. c4 c6 3. Nc3 Nf6 4. Nf3 Bf5 5. e3 e6 6. cxd5 cxd5 7. Bb5+ Nc6 8.
O-O Bb4 9. Qa4 Bxc3 10. Bxc6+ bxc6 11. Qxc6+ Nd7 12. Qxc3 Rc8 13. Qa3 Rc7 14.
Bd2 Nb6 15. Rac1 Nc4 16. Qb4 Bd3 17. Rfe1 Nxd2 18. Qxd2 Rxc1 19. Rxc1 Be4 20.
Qb4 f6 21. Nd2 Kf7 22. Nxe4 dxe4 23. Qb7+ Qe7 24. Rc7 Re8 25. Rxe7+ Rxe7 26.
Qxe4 f5 27. Qc6 Re8 28. Qa6 Re7 29. h3 Kf6 30. a4 Kg5 31. b4 h5 32. h4+ Kxh4
33. Qd6 1-0

[Event "SR 3. liga A2 2016/2017"]
[Site "?"]
[Date "2017.03.19"]
[Round "11.2"]
[White "Stanko, Peter"]
[Black "Minarik, Jozef"]
[Result "0-1"]
[WhiteElo "1000"]
[BlackElo "1272"]
[PlyCount "76"]
[EventDate "2016.??.??"]

1. d4 Nf6 2. e3 d5 3. Be2 Bf5 4. Nf3 Nc6 5. a3 e6 6. Nc3 Bd6 7. b4 O-O 8. Bb2
Ne7 9. Nb5 Ng6 10. Ne5 Bxe5 11. dxe5 Nd7 12. f4 a6 13. Nd4 Be4 14. Bf3 Bxf3 15.
Nxf3 c5 16. bxc5 Nxc5 17. O-O Rc8 18. Rb1 b5 19. Nd2 Qc7 20. Nb3 Ne7 21. Bd4
Ne4 22. Rb2 Nf5 23. Qd3 Nxd4 24. exd4 Qc4 25. Rd1 Qxd3 26. Rxd3 Rc4 27. Na1
Rfc8 28. h3 Kf8 29. Kh1 Ke7 30. Kg1 Kd7 31. Kf1 Kc6 32. Ke2 Kb6 33. Kf1 Ka5 34.
Ke2 Ka4 35. Rbb3 Rc3 36. Rdxc3 Rxc3 37. Kd1 Rxb3 38. cxb3+ Kxa3 0-1

[Event "SR 3. liga A2 2016/2017"]
[Site "?"]
[Date "2017.03.19"]
[Round "11.3"]
[White "Sosna, Jan"]
[Black "Provaznik, Michal"]
[Result "1-0"]
[WhiteElo "2347"]
[BlackElo "2197"]
[PlyCount "77"]
[EventDate "2016.??.??"]

1. d4 Nf6 2. Nf3 g6 3. Bg5 Bg7 4. Nbd2 d5 5. e3 Nbd7 6. Be2 O-O 7. O-O c5 8. c3
b6 9. b4 cxb4 10. cxb4 a5 11. Qa4 Bb7 12. Rfc1 axb4 13. Qxb4 Ba6 14. Bxa6 Rxa6
15. Ne5 Nb8 16. Rc2 h6 17. Bh4 g5 18. Bg3 Nh5 19. Rac1 Nxg3 20. hxg3 Qd6 21.
Qxd6 exd6 22. Nd3 Ra4 23. Nb1 Nd7 24. Nc3 Ra5 25. Nb4 Nf6 26. Nc6 Ra6 27. Ne7+
Kh7 28. Nexd5 Nxd5 29. Nxd5 Rb8 30. Rb1 b5 31. g4 Kg6 32. Rb3 Bf8 33. Rcb2 Rc6
34. g3 Ra6 35. Kg2 Ra5 36. Nc3 b4 37. Rxb4 Rxb4 38. Rxb4 d5 39. Rb3 1-0

[Event "SR 3. liga A2 2016/2017"]
[Site "?"]
[Date "2017.03.19"]
[Round "11.3"]
[White "Horak, Ivan"]
[Black "Cajka, Tibor"]
[Result "0-1"]
[WhiteElo "2022"]
[BlackElo "2072"]
[PlyCount "102"]
[EventDate "2016.??.??"]

1. e4 c5 2. Nf3 d6 3. d4 cxd4 4. Nxd4 Nf6 5. Nc3 a6 6. f3 e5 7. Nb3 Be6 8. Be3
Nbd7 9. Qd2 b5 10. O-O-O Qc7 11. Kb1 Be7 12. g4 Nb6 13. Bxb6 Qxb6 14. Nd5 Bxd5
15. exd5 O-O 16. Bd3 a5 17. h4 a4 18. Nc1 b4 19. h5 Nd7 20. g5 a3 21. Bf5 axb2
22. Kxb2 Nc5 23. g6 Na4+ 24. Ka1 Nc3 25. h6 fxg6 26. Be6+ Rf7 27. hxg7 Rxa2+
28. Nxa2 Qa7 29. Bxf7+ Kxf7 30. Qxc3 bxc3 31. Rxh7 Kg8 32. Rh8+ Kxg7 33. Rc8
Bf6 34. Rc4 Qf2 35. Rc7+ Kh6 36. Rh1+ Kg5 37. Nxc3 Qxf3 38. Rg1+ Kf5 39. Rb1 e4
40. Kb2 e3 41. Rf7 e2 42. Rxf6+ Kxf6 43. Re1 g5 44. Rxe2 g4 45. Re6+ Kf5 46.
Rxd6 Qf4 47. Rb6 Qd4 48. Rb5 g3 49. d6+ Kf6 50. Kb3 g2 51. Nd5+ Ke6 0-1

[Event "SR 3. liga A2 2016/2017"]
[Site "?"]
[Date "2017.03.19"]
[Round "11.3"]
[White "Sebesta, Radovan"]
[Black "Hirmajer, Jan"]
[Result "1/2-1/2"]
[WhiteElo "1992"]
[BlackElo "1919"]
[PlyCount "44"]
[EventDate "2016.??.??"]

1. d4 Nf6 2. c4 g6 3. Nc3 Bg7 4. e4 d6 5. f3 O-O 6. Bg5 c5 7. d5 Nbd7 8. Nh3 h6
9. Be3 Qa5 10. Qd2 Kh7 11. Be2 a6 12. O-O Rb8 13. Nf2 b5 14. cxb5 axb5 15. Rfc1
b4 16. Ncd1 Ba6 17. a4 Bxe2 18. Qxe2 Rfc8 19. b3 Nb6 20. Nb2 Nfd7 21. Rab1 Ne5
22. Nfd3 Nxd3 1/2-1/2

[Event "SR 3. liga A2 2016/2017"]
[Site "?"]
[Date "2017.03.19"]
[Round "11.3"]
[White "Sefcik, Marek St"]
[Black "Palka, Miroslav"]
[Result "0-1"]
[WhiteElo "2011"]
[BlackElo "1906"]
[PlyCount "98"]
[EventDate "2016.??.??"]

1. Nf3 Nf6 2. e3 g6 3. b3 Bg7 4. Bb2 O-O 5. c4 e6 6. Be2 d5 7. O-O b6 8. Qc2 c5
9. Rd1 Nc6 10. d4 Nb4 11. Qc1 Bb7 12. dxc5 bxc5 13. a3 Na6 14. cxd5 exd5 15.
Nc3 Qb6 16. Qc2 Rac8 17. Na4 Qa5 18. Bc3 Qc7 19. Rac1 Qc6 20. Be5 Qe6 21. Qb2
c4 22. bxc4 Bc6 23. cxd5 Bxd5 24. Ng5 Qf5 25. Bxa6 Rxc1 26. Rxc1 Qxg5 27. f4
Qg4 28. Qe2 Qe6 29. Nc5 Qe7 30. a4 Nh5 31. Bxg7 Nxg7 32. e4 Ba8 33. Bd3 Rc8 34.
Nb3 Rxc1+ 35. Nxc1 Qc5+ 36. Qf2 Qxc1+ 37. Bf1 Qc7 38. Bd3 Qb6 39. Qxb6 axb6 40.
Kf2 Ne6 41. Ke3 Bc6 42. f5 Nc5 43. fxg6 hxg6 44. Bb5 Bxe4 45. g3 Bc2 46. Kd4
Bxa4 47. Bxa4 Nxa4 48. Kc4 Nc5 49. Kb5 Nd7 0-1

[Event "SR 3. liga A2 2016/2017"]
[Site "?"]
[Date "2017.03.19"]
[Round "11.3"]
[White "Lanik, Miroslav"]
[Black "Chabada, Tomas St"]
[Result "0-1"]
[WhiteElo "1856"]
[BlackElo "1953"]
[PlyCount "122"]
[EventDate "2016.??.??"]

1. e4 e5 2. d4 exd4 3. Qxd4 Nc6 4. Qe3 Nf6 5. Nc3 Bb4 6. Bd2 O-O 7. O-O-O d6 8.
h3 Re8 9. Bc4 Be6 10. Bxe6 Rxe6 11. Nge2 Bc5 12. Qf4 Ne5 13. Be3 Ng6 14. Qf3
Nh4 15. Qg3 Bxe3+ 16. Qxe3 Qe8 17. Qg5 Ng6 18. f3 Re5 19. Qd2 b5 20. Nf4 Nxf4
21. Qxf4 b4 22. Nd5 Nxd5 23. Rxd5 Qa4 24. Rxe5 dxe5 25. Qxe5 Qxa2 26. Qd5 Qxd5
27. exd5 Rd8 28. Rd1 Kf8 29. c4 bxc3 30. bxc3 Ke7 31. c4 Kd6 32. Kc2 Kc5 33.
Kc3 Re8 34. Kd3 Rb8 35. Ra1 Rb3+ 36. Kc2 Rb4 37. Rxa7 Rxc4+ 38. Kd3 Kxd5 39.
Ra5+ Rc5 40. Ra7 Kd6 41. Ra6+ Rc6 42. Ra8 h5 43. Re8 Ra6 44. Re2 c5 45. Kc3
Ra3+ 46. Kc4 Ra4+ 47. Kc3 g6 48. Kb3 Rb4+ 49. Kc3 Kd5 50. Re7 Rf4 51. Rd7+ Ke5
52. Rc7 Kd6 53. Rc8 Ra4 54. Rd8+ Ke6 55. Re8+ Kf5 56. Kb3 Rb4+ 57. Kc3 Kf4 58.
Re7 f5 59. Re6 g5 60. Rc6 Kg3 61. Rxc5 Rf4 0-1

[Event "SR 3. liga A2 2016/2017"]
[Site "?"]
[Date "2017.03.19"]
[Round "11.3"]
[White "Jakubec, Milan"]
[Black "Skapikova, Lubica"]
[Result "1-0"]
[WhiteElo "2060"]
[BlackElo "1860"]
[PlyCount "57"]
[EventDate "2016.??.??"]

1. e4 e5 2. Nf3 Nc6 3. Bc4 Be7 4. d4 d6 5. dxe5 dxe5 6. Qxd8+ Bxd8 7. Bb5 Bd7
8. Be3 Nge7 9. Nc3 O-O 10. O-O-O Bg4 11. h3 Bxf3 12. gxf3 a6 13. Be2 Ng6 14.
Rd7 Nb8 15. Rd2 Be7 16. Nd5 Bd6 17. c4 Nd7 18. Nxc7 Bxc7 19. Rxd7 Rac8 20. Rhd1
Rfd8 21. Kc2 Nf8 22. Rxc7 b5 23. Rxd8 Rxc7 24. Bb6 Rc6 25. c5 g6 26. a4 bxa4
27. Bxa6 Rf6 28. Bb7 Kg7 29. Rxf8 1-0

[Event "SR 3. liga A2 2016/2017"]
[Site "?"]
[Date "2017.03.19"]
[Round "11.3"]
[White "Huska, Branislav"]
[Black "Hrubos, Milan"]
[Result "1/2-1/2"]
[WhiteElo "1796"]
[BlackElo "1787"]
[PlyCount "121"]
[EventDate "2016.??.??"]

1. e4 e5 2. Nf3 Nc6 3. Bb5 a6 4. Ba4 Nf6 5. O-O Be7 6. Re1 b5 7. Bb3 O-O 8. c3
d6 9. d3 Na5 10. Bc2 c5 11. Nbd2 Nc6 12. Nf1 Re8 13. Ng3 g6 14. h3 Bf8 15. Bd2
a5 16. Qc1 Bg7 17. Bh6 a4 18. Qg5 Nd7 19. Qxd8 Nxd8 20. Bxg7 Kxg7 21. d4 Nc6
22. Rad1 cxd4 23. cxd4 Nb6 24. b3 Nb4 25. Bb1 axb3 26. axb3 Be6 27. d5 Bd7 28.
Rc1 Rec8 29. Nf1 Rxc1 30. Rxc1 Rc8 31. Rxc8 Bxc8 32. Ne3 Nd7 33. Nc2 Nxc2 34.
Bxc2 Nc5 35. Nd2 f5 36. f3 Kf6 37. exf5 Bxf5 38. Ne4+ Bxe4 39. fxe4 Kg5 40. Kf2
h5 41. b4 Na6 42. Bd3 Nxb4 43. Bxb5 Kf4 44. Be8 Kxe4 45. Bxg6+ Kxd5 46. Bxh5
Nd3+ 47. Ke3 Nf4 48. Bf3+ Ke6 49. g3 Ng6 50. h4 Ne7 51. g4 Ng6 52. h5 Nf4 53.
g5 d5 54. Bg4+ Kf7 55. Bd1 Nh3 56. Bb3 Nxg5 57. Bxd5+ Kg7 58. Bc6 Kh6 59. Be8
Nh7 60. Ke4 Nf6+ 61. Kxe5 1/2-1/2

[Event "SR 3. liga A2 2016/2017"]
[Site "?"]
[Date "2017.03.19"]
[Round "11.3"]
[White "Stasek, Daniel"]
[Black "Kir, Kvetoslav"]
[Result "0-1"]
[WhiteElo "1600"]
[BlackElo "1739"]
[PlyCount "126"]
[EventDate "2016.??.??"]

1. e4 Nf6 2. Nc3 d6 3. d4 g6 4. Nf3 Bg7 5. Bc4 h6 6. O-O O-O 7. e5 Ne8 8. Qd3
e6 9. Bf4 d5 10. Bb3 Nc6 11. Qd2 Kh7 12. Ne2 Ne7 13. Ng3 Nf5 14. c3 b6 15. Nxf5
exf5 16. h4 Be6 17. g3 c6 18. Kg2 Rh8 19. Rh1 Bf8 20. Bc2 Nc7 21. Rag1 Rc8 22.
Rh2 h5 23. Bg5 Be7 24. Bxe7 Qxe7 25. Rhh1 Kg7 26. Re1 Rhd8 27. Qg5 Qxg5 28.
Nxg5 c5 29. Nf3 c4 30. Ng5 a5 31. Nf3 b5 32. Rc1 Rb8 33. Rb1 b4 34. Rhc1 Nb5
35. cxb4 axb4 36. Ba4 Nc7 37. Bd1 Ra8 38. Ra1 Ra7 39. b3 Nb5 40. bxc4 dxc4 41.
Rab1 Nxd4 42. Nxd4 Rxd4 43. Rxb4 Rxa2 44. Bb3 Rb2 45. Rbxc4 Rdd2 46. R1c2 Bxc4
47. Rxb2 Rxb2 48. Bxc4 Rc2 49. Bb3 Re2 50. Bd1 Rxe5 51. Bf3 Rc5 52. Bd1 f6 53.
Bf3 Kh6 54. Bd1 g5 55. hxg5+ fxg5 56. Bf3 g4 57. Bd1 Kg5 58. Bb3 h4 59. gxh4+
Kxh4 60. Ba4 Ra5 61. Bb3 f4 62. Bd1 Ra2 63. Bb3 Rb2 0-1

[Event "SR 3. liga A2 2016/2017"]
[Site "?"]
[Date "2017.03.19"]
[Round "11.4"]
[White "Kozinka, Roman"]
[Black "Jozefek, Michal"]
[Result "1/2-1/2"]
[WhiteElo "1996"]
[BlackElo "2184"]
[PlyCount "43"]
[EventDate "2016.??.??"]

1. c4 c5 2. Nc3 Nc6 3. Nf3 g6 4. d4 cxd4 5. Nxd4 Nf6 6. e4 d6 7. Be2 Bg7 8. Be3
O-O 9. O-O Bd7 10. Rc1 Nxd4 11. Bxd4 Bc6 12. f3 a5 13. Qd2 Nd7 14. Be3 Nc5 15.
Rfd1 Qb6 16. Rc2 Rfc8 17. Bf1 h5 18. Qf2 Kh7 19. g4 hxg4 20. Qh4+ Kg8 21. Qxg4
Rc7 22. h4 1/2-1/2

[Event "SR 3. liga A2 2016/2017"]
[Site "?"]
[Date "2017.03.19"]
[Round "11.4"]
[White "Stanec, Stanislav"]
[Black "Lopatievov, Alexander"]
[Result "0-1"]
[WhiteElo "2057"]
[BlackElo "1845"]
[PlyCount "80"]
[EventDate "2016.??.??"]

1. d4 c6 2. c4 Nf6 3. Nc3 d5 4. e3 e6 5. Nf3 Bd6 6. Bd3 O-O 7. O-O dxc4 8. Bxc4
b5 9. Bb3 Nbd7 10. Re1 b4 11. Ne2 Bb7 12. Ng3 c5 13. Bd2 a5 14. Rc1 Rc8 15. Qe2
Qb6 16. dxc5 Nxc5 17. Bc4 Rfd8 18. Red1 Na4 19. b3 Nb2 20. Rf1 Nxc4 21. bxc4
Ne4 22. Rfd1 Be7 23. Be1 Bf6 24. Rxd8+ Qxd8 25. Nh5 Bc3 26. Ng3 Bf6 27. Nh5 Be7
28. Nd4 g6 29. Ng3 e5 30. Nf3 f6 31. Qc2 Nxg3 32. hxg3 Qc7 33. Nd2 Qc6 34. f3
f5 35. e4 Bc5+ 36. Bf2 Bxf2+ 37. Kxf2 Qd7 38. exf5 gxf5 39. Kg1 Qd4+ 40. Kh2
Rc6 0-1

[Event "SR 3. liga A2 2016/2017"]
[Site "?"]
[Date "2017.03.19"]
[Round "11.4"]
[White "Gajarsky, Julius"]
[Black "Vogl, Zdenek"]
[Result "0-1"]
[WhiteElo "1735"]
[BlackElo "1945"]
[PlyCount "70"]
[EventDate "2016.??.??"]

1. Nf3 Nc6 2. c4 e5 3. d3 Nf6 4. Nbd2 Bb4 5. a3 Be7 6. g3 d6 7. Bg2 O-O 8. O-O
Be6 9. Ng5 Bd7 10. b4 Rb8 11. Bb2 Ng4 12. Nge4 f5 13. Nc3 Nd4 14. e3 Ne6 15. h3
Nf6 16. Nd5 c6 17. Nxe7+ Qxe7 18. f4 exf4 19. exf4 Qf7 20. Kh2 Qg6 21. Bf3 Qh6
22. Rg1 g5 23. Bxf6 Rxf6 24. fxg5 Nxg5 25. Bg2 Re8 26. Nf3 Re3 27. Nxg5 Qxg5
28. Bf3 Kh8 29. Ra2 Rh6 30. Qa1+ Kg8 31. Qf1 Kf8 32. Rf2 f4 33. Bg2 Qxg3+ 34.
Kh1 Bxh3 35. Rxf4+ Bf5+ 0-1

[Event "SR 3. liga A2 2016/2017"]
[Site "?"]
[Date "2017.03.19"]
[Round "11.4"]
[White "Hrubsa, Marian"]
[Black "Vagovic, Milan"]
[Result "0-1"]
[WhiteElo "1916"]
[BlackElo "1628"]
[PlyCount "130"]
[EventDate "2016.??.??"]

1. e4 c5 2. Nf3 d6 3. d4 cxd4 4. Nxd4 Nf6 5. Nc3 a6 6. Be2 e6 7. O-O Be7 8. Be3
O-O 9. Qe1 b5 10. a3 Bb7 11. Bd3 Qc7 12. f4 Ng4 13. Qg3 Nxe3 14. Qxe3 Nd7 15.
f5 e5 16. Nb3 Nf6 17. Qh3 h6 18. Rf3 Nh7 19. Rg3 Kh8 20. Rf1 Bg5 21. Ne2 a5 22.
Qg4 a4 23. Nbc1 b4 24. h4 Bf6 25. axb4 Qb6+ 26. Kh2 Qxb4 27. Na2 Qxb2 28. Nec3
Qb6 29. Rb1 Qc7 30. Nb5 Qe7 31. Nbc3 Bxh4 32. Rh3 Bg5 33. Nb4 f6 34. Bc4 Qc7
35. Qe2 Rfd8 36. Ba2 Bf4+ 37. Kh1 Bg5 38. Nb5 Qb6 39. Nc3 Qc7 40. Qb5 Bd2 41.
Ncd5 Bxd5 42. Nxd5 Qa7 43. Qe2 Bg5 44. c3 Nf8 45. Qc4 Nd7 46. Ne7 Nc5 47. Ng6+
Kh7 48. Qd5 Rab8 49. Rxb8 Qxb8 50. Qf7 Nxe4 51. Rf3 Nd2 52. Rf2 Nb3 53. Rb2 d5
54. Rb1 Qc8 55. Rf1 Qc4 56. Rb1 Qc8 57. Ne7 Qd7 58. Bxb3 axb3 59. Rxb3 Ra8 60.
Kh2 Qe8 61. Qxd5 Qh5+ 62. Kg3 Qh4+ 63. Kf3 Qf4+ 64. Ke2 Ra2+ 65. Kd3 Rd2# 0-1

[Event "SR 3. liga A2 2016/2017"]
[Site "?"]
[Date "2017.03.19"]
[Round "11.4"]
[White "Rau, Vladimir"]
[Black "Planka, Peter"]
[Result "1/2-1/2"]
[WhiteElo "1704"]
[BlackElo "1812"]
[PlyCount "55"]
[EventDate "2016.??.??"]

1. d4 Nf6 2. c4 e6 3. Nf3 b6 4. Nc3 Be7 5. g3 Bb7 6. Bg2 O-O 7. O-O d5 8. cxd5
Nxd5 9. Nxd5 Bxd5 10. Bf4 c5 11. dxc5 Bxc5 12. a3 a5 13. Qa4 Qd7 14. Qc2 f6 15.
Rfd1 Qb7 16. Bd2 Rc8 17. Bc3 Nd7 18. Qb1 Rc7 19. Ne1 Bxg2 20. Nxg2 e5 21. Nh4
Bf8 22. Qa2+ Kh8 23. Nf5 Nc5 24. Qd5 Qxd5 25. Rxd5 Ne4 26. Be1 g6 27. Ne3 Rac8
28. Rad1 1/2-1/2

[Event "SR 3. liga A2 2016/2017"]
[Site "?"]
[Date "2017.03.19"]
[Round "11.4"]
[White "Jarabek, Milan"]
[Black "Dobis, Pavol"]
[Result "1-0"]
[WhiteElo "1729"]
[BlackElo "1617"]
[PlyCount "87"]
[EventDate "2016.??.??"]

1. e4 c5 2. Nf3 d6 3. d4 cxd4 4. Nxd4 Bd7 5. Bc4 e6 6. Nc3 Nf6 7. Bg5 Be7 8.
Qd2 h6 9. Bxf6 Bxf6 10. Ndb5 Bxb5 11. Nxb5 O-O 12. O-O-O Qb6 13. Qxd6 Qxf2 14.
Nc7 Bg5+ 15. Kb1 Bf4 16. e5 Nc6 17. Nxa8 Rxa8 18. Rhf1 Qe3 19. Qd3 Qxe5 20. Qf3
g5 21. g3 Nd4 22. Rxd4 Qxd4 23. Bd3 e5 24. gxf4 exf4 25. Qe4 Qxe4 26. Bxe4 Rb8
27. c4 b6 28. Kc2 Rd8 29. Kc3 Kg7 30. b4 Kf6 31. c5 bxc5 32. bxc5 Ke5 33. Bf3
f5 34. Re1+ Kf6 35. h3 Rd7 36. c6 Re7 37. Rxe7 Kxe7 38. Kd4 Kd6 39. c7 Kxc7 40.
Ke5 Kd7 41. Kxf5 Ke7 42. Kg6 Ke6 43. Kxh6 Kf6 44. Bg4 1-0

[Event "SR 3. liga A2 2016/2017"]
[Site "?"]
[Date "2017.03.19"]
[Round "11.4"]
[White "Vojtkova, Linda"]
[Black "Bartos, Bohumil"]
[Result "1/2-1/2"]
[WhiteElo "1497"]
[BlackElo "1636"]
[PlyCount "83"]
[EventDate "2016.??.??"]

1. c4 c6 2. g3 d5 3. cxd5 cxd5 4. d4 Bf5 5. Nc3 Nf6 6. Bg2 e6 7. Nf3 Bb4 8. Bd2
O-O 9. O-O Nc6 10. a3 Bxc3 11. Bxc3 Rc8 12. Rc1 Ne4 13. e3 Re8 14. Re1 Bg4 15.
h3 Bf5 16. Nd2 Nxc3 17. Rxc3 h6 18. Nb3 b6 19. Qd2 Qd7 20. Kh2 Ne7 21. Rec1
Rxc3 22. Rxc3 Rc8 23. Nc1 Rxc3 24. Qxc3 Qc6 25. Ne2 Qxc3 26. Nxc3 Bd3 27. Kg1
Nc8 28. Bf1 Bxf1 29. Kxf1 Nd6 30. b3 Kf8 31. Ke2 Ke7 32. f4 Kd7 33. g4 Kc6 34.
Kd3 b5 35. Kd2 Ne4+ 36. Nxe4 dxe4 37. Kc3 a5 38. a4 bxa4 39. bxa4 Kd5 40. Kb3
f5 41. gxf5 exf5 42. h4 1/2-1/2

[Event "SR 3. liga A2 2016/2017"]
[Site "?"]
[Date "2017.03.19"]
[Round "11.4"]
[White "Danihel, Jozef"]
[Black "Rusnacik, Milan"]
[Result "1-0"]
[WhiteElo "1511"]
[BlackElo "1334"]
[PlyCount "57"]
[EventDate "2016.??.??"]

1. d4 d5 2. c4 e6 3. a3 Nf6 4. Nc3 Be7 5. Nf3 c6 6. e3 O-O 7. Bd3 dxc4 8. Bxc4
Nbd7 9. O-O Qc7 10. b4 a6 11. Bb2 b5 12. Ba2 Bb7 13. Rc1 Rac8 14. Bb1 Rfd8 15.
Qc2 g6 16. Rfe1 Nb6 17. Ne2 Nc4 18. Ba2 Nb6 19. Ng3 Bd6 20. d5 Nfxd5 21. Bxd5
Nxd5 22. e4 Ne7 23. e5 Bxb4 24. axb4 Nd5 25. Re4 Qb6 26. Bd4 Qc7 27. Qd2 Ra8
28. Qh6 Ne7 29. Ng5 1-0

[Event "SR 3. liga A2 2016/2017"]
[Site "?"]
[Date "2017.03.19"]
[Round "11.5"]
[White "Sturdik, Igor"]
[Black "Abel, Peter"]
[Result "0-1"]
[WhiteElo "1958"]
[BlackElo "2196"]
[PlyCount "42"]
[EventDate "2016.??.??"]

1. e4 d6 2. d4 Nf6 3. Nc3 g6 4. Nf3 Bg7 5. Be2 O-O 6. O-O c6 7. h3 Qc7 8. Be3
e5 9. Qd2 Nbd7 10. Rad1 Re8 11. Rfe1 b5 12. dxe5 dxe5 13. a3 Bf8 14. Nh2 Nc5
15. f3 Ne6 16. Nf1 Rd8 17. Qc1 Bd7 18. Na2 Nd4 19. Nd2 Be6 20. Qb1 Bxa2 21.
Qxa2 Nxc2 0-1

[Event "SR 3. liga A2 2016/2017"]
[Site "?"]
[Date "2017.03.19"]
[Round "11.5"]
[White "Nemsak, Denis"]
[Black "Mosny, Jaroslav"]
[Result "1-0"]
[WhiteElo "2035"]
[BlackElo "1961"]
[PlyCount "141"]
[EventDate "2016.??.??"]

1. c4 e5 2. Nc3 Nf6 3. g3 d5 4. cxd5 Nxd5 5. Bg2 Nb6 6. d3 Be7 7. Nf3 Nc6 8.
O-O O-O 9. a3 Be6 10. b4 f6 11. Be3 Nd5 12. Nxd5 Bxd5 13. Qc2 Qd7 14. Rfc1 Rfc8
15. Bc5 Bxc5 16. Qxc5 Ne7 17. Nd2 Bxg2 18. Kxg2 Nf5 19. Nb3 Qf7 20. Qc3 c6 21.
Rc2 Rd8 22. Rac1 Nd4 23. Nxd4 Rxd4 24. Qc5 Rd5 25. Qe3 Rd4 26. Rc5 Rad8 27. Qf3
a6 28. R1c4 Rxc4 29. Rxc4 Qd5 30. Qxd5+ Rxd5 31. Kf3 Kf7 32. Ke3 Ke6 33. Kd2
Rd8 34. Kc3 g6 35. Kb3 h5 36. h3 Rd7 37. a4 Rd5 38. Rc3 Kd7 39. Rc5 Kd6 40. Rc4
Ke6 41. Kc3 Rd8 42. b5 axb5 43. axb5 Kd6 44. bxc6 bxc6 45. Ra4 f5 46. Ra7 Kd5
47. Rg7 Rd6 48. f3 e4 49. dxe4+ fxe4 50. f4 c5 51. Re7 Ra6 52. Re5+ Kd6 53. Rg5
Ra3+ 54. Kc4 Re3 55. Rxg6+ Ke7 56. Kxc5 Rxe2 57. Kd4 h4 58. gxh4 Rh2 59. Rg3
Kf6 60. Kxe4 Ra2 61. Kf3 Ra8 62. h5 Ra3+ 63. Kg4 Ra8 64. Rb3 Rg8+ 65. Kh4 Kf5
66. h6 Kxf4 67. Rb5 Rg6 68. Kh5 Rg3 69. h4 Rg8 70. h7 Rc8 71. Rg5 1-0

[Event "SR 3. liga A2 2016/2017"]
[Site "?"]
[Date "2017.03.19"]
[Round "11.5"]
[White "Doucha, Ludvig"]
[Black "Bincik, Pavol"]
[Result "0-1"]
[WhiteElo "1900"]
[BlackElo "1943"]
[PlyCount "82"]
[EventDate "2016.??.??"]

1. e4 c6 2. d3 d5 3. Nd2 Nf6 4. Ngf3 Bg4 5. Be2 e6 6. Ne5 Bxe2 7. Qxe2 Nbd7 8.
Nxd7 Nxd7 9. O-O Bd6 10. Kh1 Qc7 11. g3 h5 12. f4 O-O-O 13. e5 Be7 14. d4 Kb8
15. c4 dxc4 16. Nxc4 Nb6 17. Nxb6 Qxb6 18. Be3 Rd5 19. a3 g6 20. b4 Qb5 21.
Qxb5 Rxb5 22. Rfb1 Rd8 23. Kg2 Rdd5 24. Kf3 a5 25. bxa5 Rxb1 26. Rxb1 Rxa5 27.
Bc1 Bxa3 28. Ra1 Bb4 29. Rxa5 Bxa5 30. Ba3 Ka7 31. Ke3 Ka6 32. Kd3 Kb5 33. Be7
Bb4 34. Bd6 Ka4 35. Kc2 Ba3 36. Kc3 b5 37. Kc2 b4 38. Bc7 b3+ 39. Kb1 Kb5 40.
Bd6 Bb4 41. Kb2 Kc4 0-1

[Event "SR 3. liga A2 2016/2017"]
[Site "?"]
[Date "2017.03.19"]
[Round "11.5"]
[White "Manak, Jozef"]
[Black "Bukovsky, Milan"]
[Result "1/2-1/2"]
[WhiteElo "1970"]
[BlackElo "1916"]
[PlyCount "28"]
[EventDate "2016.??.??"]

1. d4 Nf6 2. Bf4 g6 3. Nc3 d6 4. Nf3 Bg7 5. Qd2 Bf5 6. e3 O-O 7. h3 Ne4 8. Nxe4
Bxe4 9. Bd3 Bxd3 10. Qxd3 c5 11. O-O Nc6 12. dxc5 dxc5 13. Qb5 Qb6 14. Qxb6
axb6 1/2-1/2

[Event "SR 3. liga A2 2016/2017"]
[Site "?"]
[Date "2017.03.19"]
[Round "11.5"]
[White "Bahna, Jan"]
[Black "Podjavorinsky, Michal"]
[Result "0-1"]
[WhiteElo "1860"]
[BlackElo "1864"]
[PlyCount "92"]
[EventDate "2016.??.??"]

1. e4 Nf6 2. e5 Nd5 3. d4 d6 4. exd6 exd6 5. Nf3 Be7 6. Be2 O-O 7. O-O Bf5 8.
c3 c6 9. Na3 Nd7 10. Nc2 Re8 11. Re1 Nf8 12. Ne3 Nxe3 13. Bxe3 Ng6 14. Bd3 Bxd3
15. Qxd3 Qd7 16. Re2 h5 17. Rae1 h4 18. h3 Bf6 19. Bg5 Bxg5 20. Nxg5 Rxe2 21.
Qxe2 f6 22. Qh5 Re8 23. Nf3 Rxe1+ 24. Nxe1 Qe6 25. Nf3 Qe4 26. Qg4 Qxg4 27.
hxg4 Kf7 28. Nd2 Ke6 29. Kf1 Nf4 30. f3 Kd5 31. b3 b5 32. Ne4 Nd3 33. Nd2 Nc1
34. a3 a5 35. Kf2 b4 36. axb4 axb4 37. Ke3 bxc3 38. Ne4 c2 39. Nc3+ Ke6 40. Kd2
Nxb3+ 41. Kxc2 Nxd4+ 42. Kd3 Nb5 43. Nd1 d5 44. Ne3 g6 45. f4 g5 46. Nf5 c5 0-1

[Event "SR 3. liga A2 2016/2017"]
[Site "?"]
[Date "2017.03.19"]
[Round "11.5"]
[White "Mihalik, Anton"]
[Black "Krist, Milan"]
[Result "1/2-1/2"]
[WhiteElo "1934"]
[BlackElo "1826"]
[PlyCount "80"]
[EventDate "2016.??.??"]

1. c4 e5 2. Nc3 Nf6 3. Nf3 d6 4. g3 Be7 5. Bg2 O-O 6. O-O c6 7. d4 Qc7 8. Qc2
Bg4 9. e3 Nbd7 10. b3 Rfe8 11. Bb2 Rad8 12. Rac1 a6 13. Nd2 exd4 14. exd4 Nb6
15. Rfe1 Bf8 16. Nde4 Nxe4 17. Bxe4 g6 18. Qd2 Bg7 19. Bg2 Qd7 20. d5 c5 21.
Ne4 f5 22. Nf6+ Bxf6 23. Bxf6 Rxe1+ 24. Rxe1 Re8 25. Re3 Kf7 26. Bb2 Rxe3 27.
fxe3 Qe7 28. Kf2 Nd7 29. e4 Ne5 30. h3 Bh5 31. exf5 gxf5 32. Qe3 Bg6 33. Bxe5
Qxe5 34. Qxe5 dxe5 35. d6 b6 36. Bd5+ Ke8 37. Be6 Kd8 38. Ke3 a5 39. Kd2 h6 40.
a3 Ke8 1/2-1/2